| Tag |
First Indicator |
Second Indicator |
Subfields |
| LEADER |
00000cam a2200000 a 4500 |
| 001 |
in00002078747 |
| 005 |
20151102141834.0 |
| 008 |
041020s2005 enkab b 001 0 eng |
| 015 |
|
|
|a GBA484821
|2 bnb
|
| 016 |
7 |
|
|a 013046875
|2 Uk
|
| 020 |
|
|
|a 1844720993 (hardback)
|
| 020 |
|
|
|a 1844720659 (pbk.)
|
| 024 |
3 |
|
|a 9781844720996
|
| 024 |
3 |
|
|a 9781844720651
|
| 035 |
|
|
|a (OCoLC)ocm57064310
|
| 040 |
|
|
|a UKM
|c UKM
|d C#P
|d BAKER
|d IXA
|d TXA
|d UtOrBLW
|
| 042 |
|
|
|a ukblsr
|
| 049 |
|
|
|a TXAM
|
| 050 |
|
4 |
|a GN360
|b .E96 2005
|
| 082 |
0 |
4 |
|a 303.4
|2 22
|
| 245 |
0 |
4 |
|a The evolution of cultural diversity :
|b a phylogenetic approach /
|c edited by Ruth Mace, Clare J. Holden and Stephen Shennan.
|
| 264 |
|
1 |
|a London :
|b UCL Press,
|c 2005.
|
| 300 |
|
|
|a x, 291 pages :
|b illustrations, maps ;
|c 24 cm.
|
| 336 |
|
|
|a text
|b txt
|2 rdacontent
|
| 337 |
|
|
|a unmediated
|b n
|2 rdamedia
|
| 338 |
|
|
|a volume
|b nc
|2 rdacarrier
|
| 500 |
|
|
|a "This book arose proximally out of a session at the Human Behaviour and Evolution Society annual meeting that was held at University College London in 2001"-Pref.
|
| 504 |
|
|
|a Includes bibliographical references and index.
|
| 650 |
|
0 |
|a Social evolution
|v Congresses.
|
| 650 |
|
0 |
|a Phylogeny
|v Congresses.
|
| 653 |
1 |
|
|a Cultural diversity
|
| 700 |
1 |
|
|a Mace, Ruth.
|
| 700 |
1 |
|
|a Holden, Clare J.
|
| 700 |
1 |
|
|a Shennan, Stephen.
|
| 710 |
2 |
|
|a Human Behavior and Evolution Society.
|
| 948 |
|
|
|a cataloged
|b h
|c 2005/10/22
|d c
|e ceaton
|f 10:50:13 am
|
| 994 |
|
|
|a C0
|b TXA
|
| 999 |
|
|
|a MARS
|
| 999 |
f |
f |
|s 3da23c95-e0a7-362a-ac4b-c7ee18a4dd73
|i d316ccee-29e8-36a5-adc0-2a4e82e7d6b3
|t 0
|
| 952 |
f |
f |
|p normal
|a Texas A&M University
|b College Station
|c Sterling C. Evans Library
|d Evans: Library Stacks
|t 0
|e GN360 .E96 2005
|h Library of Congress classification
|i unmediated -- volume
|m A14833079239
|
| 998 |
f |
f |
|a GN360 .E96 2005
|t 0
|l Evans: Library Stacks
|